Разведчик Вихров: повести; для старшего школьного возраста

Dettagli Bibliografici
Autore principale: Лавренев Б. А. Борис Андреевич
Altri autori: Метченко Г. И. (иллюстратор)
Lingua:russo
Pubblicazione: Москва, Советская Россия, 1989
Soggetti:
Natura: MixedMaterials Libro
KOHA link:https://koha.lib.tpu.ru/cgi-bin/koha/opac-detail.pl?biblionumber=142705

MARC

LEADER 00000nam0a2200000 4500
001 142705
005 20231101221001.0
010 |a 526800770X 
020 |a RU  |b 89-11300 
035 |a (RuTPU)RU\TPU\book\154635 
090 |a 142705 
100 |a 20080911d1989 e y0rusy5003 ca 
101 0 |a rus 
102 |a RU 
105 |a a z 000ay 
200 1 |a Разведчик Вихров  |e повести  |e для старшего школьного возраста  |f Б. А. Лавренев  |g худож. Г. И. Метченко 
210 |a Москва  |c Советская Россия  |d 1989 
215 |a 254,[2] с.  |c ил.  |d 21 см 
610 1 |a русская литература 
610 1 |a повести 
610 1 |a Великая Октябрьская социалистическая революция 
675 |a Р2  |z rus  |v 3 
700 1 |a Лавренев  |b Б. А.  |c русский писатель  |c Сергеев - настоящая фамилия  |c драматург  |f 1891-1959  |g Борис Андреевич  |2 stltpush  |3 (RuTPU)RU\TPU\pers\3636  |9 789 
702 1 |a Метченко  |b Г. И.  |4 440 
801 0 |a RU  |b RuMRKP  |c 19950417  |g psbo 
801 1 |a RU  |b 63413507  |c 20080911  |g PSBO 
801 2 |a RU  |b 63413507  |c 20081202  |g PSBO 
942 |c BK